00725cas a22002297ar450000500170000000800410001701000100005801100100006802200140007803500100009224500400010226000470014230000170018931000120020636200190021878000430023786600430028086600430032386600430036686600430040986600430045220220127140432.0001017c2002 at mr pernn 0 b1eng d a86098 a87070 a1445-4408 a9761100aFunctional Plant Biologyc/by CSIRO0 aCollingwood VIC, Australia:bCSIRO,c2002- av. :bláms aMensual0 av.29 n.6,2002.14tAustralian Journal of Plant Physiology av. 29 n. 1 (2002) - v. 30 n. 12 (2003) av. 31 n. 1 (2004) - v. 31 n. 12 (2004) av. 33 n. 1 (2006) - v. 33 n. 11 (2006) av. 34 n. 1 (2007) - v. 34 n. 12 (2007) av. 35 n. 1 (2008) - v. 35 n. 12 (2008)